The life of St. Dominic : with a sketch of the Dominican order.

Bibliographic Details
Format: Book
Language:English
Published: London : Burns & Oates, [between 1900 and 1999?]
Subjects:

MARC

Tag First Indicator Second Indicator Subfields
LEADER 00000cam a2200000 a 4500
001 in00001056521
005 20150929084157.0
008 971126q19001997enkaf 000 0beng d
035 |a (OCoLC)38012793 
035 |9 AFK4780AM 
040 |a TXA  |c TXA  |d UtOrBLW 
049 |a TXAM 
090 |a BX4700.D7  |b L54 1900z 
245 0 4 |a The life of St. Dominic :  |b with a sketch of the Dominican order. 
264 1 |a London :  |b Burns & Oates,  |c [between 1900 and 1999?] 
300 |a xii, 371 pages, 1 unnumbered leaf of plates :  |b illustrations ;  |c 17 cm. 
336 |a text  |b txt  |2 rdacontent 
337 |a unmediated  |b n  |2 rdamedia 
338 |a volume  |b nc  |2 rdacarrier 
600 0 0 |a Dominic,  |c Saint,  |d 1170-1221. 
610 2 0 |a Dominicans  |v Biography. 
999 |a MARS 
999 f f |s a20dfe61-0c60-3abb-be13-f74e9dd511bb  |i 2364c0d3-77a5-3486-80f8-5fed5acd9230  |t 0 
952 f f |p ric  |a Texas A&M University  |b Rellis Campus  |c Joint Library Facility  |d Remote Storage  |t 0  |e BX4700.D7 L54 1900z  |h Library of Congress classification  |i unmediated -- volume  |m A14821571445 
998 f f |a BX4700.D7 L54 1900z  |t 0  |l Remote Storage